Responses for Show #5124 - Thursday, December 14, 2006

Contestants

[<< previous game]

R.J. Lesch, a programmer from Adel, Iowa

Ann Fletcher, a technical writer from Bristol, Tennessee

Cory Hartman, a pastor from Passaic, New Jersey (whose 1-day cash winnings total $29,200)

[next game >>]

Jeopardy! Round responses

ANIMALS
INAPPROPRIATE TEAM NAMES
ENERGY
20th CENTURY PEOPLE
THE BEST LITTLE "WARE"HOUSE
IN TEXAS
    $200 6
whooping crane

R.J.
    $200 1
L.A. Lakers

R.J.
    $200 11
northeast

Ann
    $200 16
(R.J.: Who is Joe E. Lewis?)

Will Rogers

AnnR.J.
    $200 26
Tupperware

Ann
    $200 21
Houston

R.J.
    $400 7
a heifer

Cory
    $400 2
Utah Jazz

Cory
    $400 12
uranium

Cory
    $400 17
Alfred Kinsey

Cory
    $400 27
freeware

Cory
    $400 22
the Alamo

Cory
    $600 8
penguin

R.J.
    $600 3
Los Angeles Dodgers

Cory
    $600 13
diesel

R.J.
    $600 18
(Cory: Who is Rosa Parks?)
...
(Alex: Yes. We're talking about Atlanta here.)

Coretta Scott King

CoryAnn
    $600 28
Delaware

R.J.
    $600 23
Rhode Island

R.J.
    $800 9
Tasmanian devil

Ann
    $800 4
Calgary Flames

R.J.
    $800 14
a wind farm

Cory
    $800 19
Rosemary Kennedy

Triple Stumper
    $800 29
beware

Cory
    $800 24
(Ann: What is a kingfisher?)

the monarch butterfly

AnnR.J.
    $1000 10
(Alex: The laughing or spotted [*], correct.)

hyena

R.J.
    $1000 5
Memphis Grizzlies

R.J.
    $600 15
(Cory: What is natural gas?)
(Alex: No, you picked the wrong one. We're still using a lot of [*]. Mostly [*].)

coal

Cory
    $1000 20
Desmond Tutu

Ann
    $1000 30
unaware

Cory
    $1000 25
Coronado

R.J.

Scores at the first commercial break (after clue 15):

Cory Ann R.J.
$2,000 $1,000 $4,400

Scores at the end of the Jeopardy! Round:

Cory Ann R.J.
$4,400 $2,200 $7,400

Double Jeopardy! Round responses

OCEANOGRAPHY
CELL BLOCK CINEMA
CLASSICAL COMPOSERS
MOVERS & QUAKERS
EPIC POEMS AS COUNTRY SONGS
(Alex: ...and we'll need the title of the poem.)
YOU SAID A MOUTHFUL!
(Alex: ...because the responses will each contain more than--12 or more letters.)
    $400 21
the Atlantic Ocean

R.J.
    $400 11
The Green Mile

Cory
    $400 2
J.S. Bach

Cory
    $400 16
Pennsylvania

Cory
    $400 1
Beowulf

Cory
    $400 26
recommendation

Cory
    $800 22
the shore

Cory
    $800 12
Sharon Stone

R.J.
    $800 3
(Edvard) Grieg

Ann
    $800 17
the Underground Railroad

Cory
    $800 4
(R.J.: What is the Iliad?)
...
(Alex: Yes, the Iliad was the war, [*] was the return.)

the Odyssey

CoryR.J.
    $800 27
a breathalyzer

R.J.
    $1200 23
(R.J.: What is a tidal wave?)

a current

CoryR.J.
    $1200 13
48 Hours

Cory
    $1200 5
Gian Carlo Menotti

Triple Stumper
    $1200 18
Jerusalem

Cory
    $1200 8
Dante's Inferno (or Divine Comedy)

R.J.
    $1200 28
interrogative (interrogatory accepted)

R.J.
    $1,500 24
Chesapeake Bay

Cory
    $1,000 14
(Cory: What is... mm!)
[Time-out signal]

Capote

Cory
    $1600 6
Mahler

Cory
    $1600 19
the March on Washington

Ann
    $1600 9
the Aeneid

R.J.
    $1600 29
(R.J.: [No response])

contemporaneous

AnnR.J.
    $2000 25
an atmosphere

R.J.
    $2000 15
White Oleander

R.J.
    $2000 7
Liszt

Cory
    $2000 20
(John Greenleaf) Whittier

Ann
    $2000 10
The Song of Roland (La Chanson de Roland)

Ann
    $2000 30
prosecutorial

Ann

Scores at the end of the Double Jeopardy! Round:

Cory Ann R.J.
$16,500 $12,200 $13,800

[wagering suggestions for these scores]

Final Jeopardy! Round responses

WORD ODDITIES
(Alex: Now to the champ, Cory. I... I don't know about this one.)
[Cory's response is revealed.]
(Cory: I pronounce it "hoo-EYE-oh".)
[Laughter]
(Cory: Can't say I've ever heard a British person say it, though.)
AnnWhat is queue?
$7,800
R.J.What is queue?
$12,000
CoryWhat is Huaio
$11,100
queue

Final scores:

Cory Ann R.J.
$5,400 $20,000 $25,800
3rd place: $1,000 2nd place: $2,000 New champion: $25,800

Game dynamics:

Coryat scores:

Cory Ann R.J.
$18,200 $12,200 $13,800
24 R
(including 1 DD),
3 W
(including 2 DDs)
12 R,
1 W
20 R,
4 W

Combined Coryat: $44,200

[game clues] [game scores] [suggest correction]

Game tape date: 2006-10-18
The J! Archive is created by fans, for fans. Scraping, republication, monetization, and malicious use prohibited; this site may use cookies and collect identifying information. See terms. The Jeopardy! game show and all elements thereof, including but not limited to copyright and trademark thereto, are the property of Jeopardy Productions, Inc. and are protected under law. This website is not affiliated with, sponsored by, or operated by Jeopardy Productions, Inc. Join the discussion at JBoard.tv.